000 05486cam a2200469 i 4500
999 _c3815
_d3815
001 18748443
003 GZU
005 20210310083341.0
008 150818s2016 nyu b 001 0 eng
010 _a 2015032311
020 _a9781107071131 (v. 1 : hardback)
020 _a9781107415539 (v. 1 : paperback)
020 _a9781107073197 (v. 2 : hardback)
020 _a9781107422988 (v. 2 : paperback)
040 _aDLC
_beng
_cDLC
_erda
_dDLC
042 _apcc
043 _an-us---
050 0 0 _aKF379
_b.N49 2016
082 0 0 _a340/.10973
_223
245 0 4 _aThe new legal realism.
_btranslating law-and-sociiety for today's legal practice
_cedited by Elizabeth Mertz, Stewart Macaulay and Thomas W. Mitchell
264 1 _aNew York, NY :
_bCambridge University Press,
_c2016.
300 _a2 volumes ;
_c24 cm
336 _atext
_btxt
_2rdacontent
337 _aunmediated
_bn
_2rdamedia
338 _avolume
_bnc
_2rdacarrier
504 _aIncludes bibliographical references and indexes.
505 0 _avolume I. Translating law-and-society for today's legal practice / edited by Elizabeth Mertz (American Bar Foundation and University of Wisconsin School of Law), Stewart Macaulay (University of Wisconsin, Madison), Thomas W. Mitchell (Texas A&M University School of Law and Texas A&M Department of Agricultural Economics). Preface / Michael McCann -- Introduction : new legal realism : law and social science in the new millennium / Elizabeth Mertz -- A new legal realism : elegant models and the messy law in action / Stewart Macaulay -- Putting the "real world" into traditional classroom teaching / Jane H. Aiken and Ann Shalleck -- Some realism about realism in teaching about the legal profession / Ann Southworth, Bryant Garth, and Catherine Fisk -- "Fielding" legal realism : law students as participant- observers? / Riaz Tejani -- Legal r/realism and jurisprudence : ten theses / William Twining -- Legal realism in context / Brian Z. Tamanaha -- Legal storytelling as a variety of legal realism / Robert W. Gordon -- Combining methods for a new synthesis in law and empirical research / Elizabeth Mertz and Katherine Barnes -- New legal realism and inequality / Thomas W. Mitchell -- The financial crisis and moral accountability : translating practices of risk, profit and uncertainty / Alex Tham -- The moment of possibles : some new legal realism about a "reality thriller" case / Hadi Nicholas Deeb -- Translating law across cultures and societies : a conversation with David Bellos and Kim Lane Scheppele / David Bellos and Kim Lane Scheppele -- Is there a lingua franca for the American legal academy? / Mary Anne Case.
505 0 _avolume II. Studying law globally / edited by Heinz Klug (University of Wisconsin School of Law) and Sally Engle Merry (New York University). Preface / Michael McCann -- Introduction / Heinz Klug and Sally Engle Merry -- African constitutionalism from the bottom-up / Martin Chanock -- Human rights monitoring, state compliance, and the problem of information / Sally Engle Merry -- Intellectual property and the creation of global rules / Susan K. Sell -- Colonizing the clinic : the adventures of law in HIV treatment and research / Carol A. Heimer and Jaimie Morse -- The politics of Islamic law and human rights : Sudan's rival legal systems / Mark Fathi Massoud -- Women seeking justice at the intersection between vernacular and state laws and courts in rural KwaZulu-Natal, South Africa / Sindiso Mnisi Weeks -- New legal realism and international law / Gregory Shaffer -- The deconstruction of offshore / Sol Picciotto -- The changing role of lawyers in China : state bureaucrats, market brokers, and political activists / Sida Liu -- The irreconcilable goals of transitional justice / Bronwyn Leebaw -- Pushing states to prosecute atrocity : the Inter-American Court and positive complementarity / Alexandra Huneeus -- When law and social science diverge : causation in the international law of incitement to commit genocide / Richard A. Wilson.
520 _a"This is the first of two volumes announcing the emergence of the new legal realism as a field of study. At a time when the legal academy is turning to social science for new approaches, these volumes chart a new course for interdisciplinary research by synthesizing law on the ground, empirical research, and theory. Volume I lays the groundwork for this novel and comprehensive approach with an innovative mix of theoretical, historical, pedagogical, and empirical perspectives. Their empirical work covers such wide-ranging topics as the financial crisis, intellectual property battles, the legal disenfranchisement of African-American landowners, and gender and racial prejudice on law school faculties. The methodological blueprint offered here will be essential for anyone interested in the future of law-and-society"--
_cProvided by publisher.
650 0 _aLaw
_zUnited States
_xPhilosophy.
650 0 _aRealism.
650 0 _aLaw
_xStudy and teaching
_zUnited States.
653 _aNew Legal Realism
700 1 _aMacaulay, Stewart,
_d1931-
_eeditor.
700 1 _aMertz, Elizabeth,
_eeditor.
700 1 _aMitchell, Thomas W,
_eeditor.
700 1 _aKlug, Heinz,
_d1957-
_eeditor.
700 1 _aMerry, Sally Engle,
_d1944-
_eeditor.
906 _a7
_bcbc
_corignew
_d1
_eecip
_f20
_gy-gencatlg
942 _2lcc
_cBK
_h379
_iNEW
_kKF
_m2016